01962nam a2200241 i 4500001001500000008004100015020001800056040003100074041000800105100004300113245016700156250001900323260003300342300006100375520059000436520050301026650003401529650001701563650002001580942000801600952009701608999001501705Rebiun35610550140919s2024 sp a r 001 0 spadd a9788434437708 aUGR dBUS dUVA bspactbs aspa aMorgado Bernal, Ignacio925217eauthor10aAprender, recordar y olvidar b: claves cerebrales de la memoria y la educaciónc/ Ignacio Morgado ; prologue by Joaquín Fuster ; illustrations by Daniel Ras. aFirst edition. aBarcelona : bAriel, c2024. a251 pages : billustrations (black and white) ; c23 cm. aAdaptarse al modo en que funciona el cerebro en general y al de cada uno en particular es esencial para mejorar la memoria y la propia inteligencia. Estamos ante un libro dirigido a todas aquellas personas interesadas en conocer cómo el cerebro se las arregla para aprender, almacenar y retener los conocimientos. Para entender cómo se refuerzan, debilitan o cambian las memorias, cómo recordamos y por qué olvidamos. En definitiva, un estudio de las razones y las claves científicas que permiten establecer los mejores procedimientos para enseñar y aprender con eficacia. aAdapting to the way the brain works—both in general and in each individual—is essential for improving memory and personal intelligence. This book is aimed at anyone interested in understanding how the brain manages to learn, store, and retain knowledge. It explores how memories are strengthened, weakened, or changed, how we remember, and why we forget. In short, it is a study of the scientific reasons and principles that help establish the most effective methods for teaching and learning.00aLearning, Psychology of9698800aMemory9963400aCognition96853 2lcc 00102lcc4070aTBSbTBSd2025-05-14l0oBF378.M4 MORpB05773r2025-05-14t1w2025-05-14y1 c4658d4658